Life of Galileo. (Record no. 92469)
[ view plain ]
| 000 -LEADER | |
|---|---|
| fixed length control field | 00490nam a2200205Ia 4500 |
| 003 - CONTROL NUMBER IDENTIFIER | |
| control field | OSt |
| 005 - DATE AND TIME OF LATEST TRANSACTION | |
| control field | 20230518154926.0 |
| 008 - FIXED-LENGTH DATA ELEMENTS--GENERAL INFORMATION | |
| fixed length control field | 210210b1987 xxu||||| |||| 00| 0 eng d |
| 020 ## - INTERNATIONAL STANDARD BOOK NUMBER | |
| International Standard Book Number | 19 560255 2 |
| 040 ## - CATALOGING SOURCE | |
| Transcribing agency | AL |
| 041 ## - LANGUAGE CODE | |
| Language code of text/sound track or separate title | English |
| 082 ## - DEWEY DECIMAL CLASSIFICATION NUMBER | |
| Classification number | 822.9 BREL |
| 100 ## - MAIN ENTRY--PERSONAL NAME | |
| Personal name | BRECHT (Bertolt). |
| 9 (RLIN) | 108887 |
| 245 ## - TITLE STATEMENT | |
| Title | Life of Galileo. |
| 260 ## - PUBLICATION, DISTRIBUTION, ETC. | |
| Place of publication, distribution, etc. | Madras. |
| Name of publisher, distributor, etc. | Oxford University Press., |
| Date of publication, distribution, etc. | 1987 |
| 300 ## - PHYSICAL DESCRIPTION | |
| Extent | vi,127 |
| 690 ## - LOCAL SUBJECT ADDED ENTRY--TOPICAL TERM (OCLC, RLIN) | |
| Topical term or geographic name as entry element | English Drama |
| 9 (RLIN) | 108888 |
| 906 ## - LOCAL DATA ELEMENT F, LDF (RLIN) | |
| a | 042602 |
| 942 ## - ADDED ENTRY ELEMENTS (KOHA) | |
| Source of classification or shelving scheme | Dewey Decimal Classification |
| Koha item type | Book |
| Withdrawn status | Lost status | Source of classification or shelving scheme | Damaged status | Not for loan | Collection code | Home library | Current library | Shelving location | Date acquired | Cost, normal purchase price | Total Checkouts | Full call number | Barcode | Date last seen | Price effective from | Koha item type | Date last checked out |
|---|---|---|---|---|---|---|---|---|---|---|---|---|---|---|---|---|---|
| Dewey Decimal Classification | English | St Aloysius Library | St Aloysius Library | Secondary stack section | 02/17/2021 | 9.00 | 822.9 BREL | 042603 | 02/17/2021 | 02/17/2021 | Book | ||||||
| Dewey Decimal Classification | English | St Aloysius Library | St Aloysius Library | 02/17/2021 | 9.00 | 822.9 BREL | 042602 | 02/17/2021 | 02/17/2021 | Book | |||||||
| Dewey Decimal Classification | English | St Aloysius Library | St Aloysius Library | Secondary stack section | 02/17/2021 | 9.00 | 1 | 822.9 BREL | 042604 | 09/18/2023 | 02/17/2021 | Book | 09/09/2023 |